Simulation model design and execution Building digital worlds
Wedi'i Gadw mewn:
| Prif Awdur: | |
|---|---|
| Fformat: | Llyfr |
| Iaith: | Undetermined |
| Cyhoeddwyd: |
Englewood Cliffs, New Jersey
Prentice-Hall
1995
|
| Pynciau: | |
| Tagiau: |
Ychwanegu Tag
Dim Tagiau, Byddwch y cyntaf i dagio'r cofnod hwn!
|
| Thư viện lưu trữ: | Trung tâm Học liệu Trường Đại học Cần Thơ |
|---|
| LEADER | 00572nam a2200205Ia 4500 | ||
|---|---|---|---|
| 001 | CTU_27207 | ||
| 008 | 210402s9999 xx 000 0 und d | ||
| 020 | |b 267.34Dfl | ||
| 082 | |a 003.3 | ||
| 082 | |b F532 | ||
| 100 | |a Paul A Fishwick | ||
| 245 | 0 | |a Simulation model design and execution | |
| 245 | 0 | |b Building digital worlds | |
| 245 | 0 | |c Paul A Fishwick | |
| 260 | |a Englewood Cliffs, New Jersey | ||
| 260 | |b Prentice-Hall | ||
| 260 | |c 1995 | ||
| 650 | |a computer simulation | ||
| 904 | |i Minh, 981204 | ||
| 980 | |a Trung tâm Học liệu Trường Đại học Cần Thơ | ||